[Event "National I"]
[Site "Bischwiller FRA"]
[Date "2003.01.31"]
[Round "1"]
[White "Pelletier,Y"]
[Black "Khenkin,I"]
[Result "1/2-1/2"]
[WhiteElo "2624"]
[BlackElo "2624"]

1.d4 d5 2.c4 c6 3.Nf3 Nf6 4.Nc3 e6 5.e3 Nbd7 6.Qc2 Bd6 7.Bd3 O-O 8.O-O dxc4
9.Bxc4 b5 10.Be2 Bb7 11.Rd1 Qc7 12.Bd2 a6 13.b4 a5 14.a3 axb4 15.axb4 Nd5
16.Rac1 Nxb4 17.Qb1 Qb8 18.Ne4 Nd5 19.Nxd6 Qxd6 20.e4 Nf4 21.Bf1 Qb8 22.e5 Ng6
23.h4 Rc8 24.h5 Ngf8 25.Ng5 c5 26.Bxb5  1/2-1/2

[Event "National I"]
[Site "Drancy FRA"]
[Date "2003.01.31"]
[Round "1"]
[White "Karr,JP"]
[Black "Fressinet,L"]
[Result "0-1"]
[WhiteElo "2376"]
[BlackElo "2593"]

1.d4 d5 2.c4 c6 3.Nf3 Nf6 4.Nc3 e6 5.e3 Nbd7 6.Qc2 Bd6 7.Bd3 O-O 8.O-O dxc4
9.Bxc4 b5 10.Be2 Bb7 11.Rd1 Qb8 12.Ne4 Nxe4 13.Qxe4 Be7 14.Qb1 c5 15.e4 cxd4
16.Nxd4 Nf6 17.f3 Bd6 18.g3 Rd8 19.Kg2 a6 20.Be3 Qc7 21.a4 b4 22.a5 Be5 23.Ra4 Qe7
24.Nb3 Rxd1 25.Qxd1 Bd6 26.Ra1 h5 27.Rc1 Rd8 28.Qf1 h4 29.Bxa6 Ba8 30.Qb5 hxg3
31.hxg3 Nxe4 32.fxe4 Bxe4+ 33.Kg1 Bd5 34.Nd2 Bxg3 35.Nf1 Qh4  0-1

[Event "National I"]
[Site "Montpellier FRA"]
[Date "2003.01.31"]
[Round "1"]
[White "Flear,G"]
[Black "Godena,M"]
[Result "0-1"]
[WhiteElo "2503"]
[BlackElo "2524"]

1.d4 d5 2.c4 c6 3.Nf3 Nf6 4.Nc3 e6 5.e3 a6 6.b3 Bb4 7.Bd2 Nbd7 8.Bd3 O-O
9.O-O Bd6 10.Qc2 h6 11.Rad1 e5 12.cxd5 cxd5 13.dxe5 Nxe5 14.Nxe5 Bxe5 15.Ne2 Bg4
16.h3 Rc8 17.Qb1 Bd7 18.Rc1 Qe7 19.Rxc8 Rxc8 20.Rc1 Re8 21.Bc3 Bb8 22.Qb2 Ne4
23.Bxe4 Qxe4 24.Rd1 Qg6 25.Kf1 Bb5 26.Qd2 Rc8 27.Rc1 Bd6 28.Re1 Qd3 29.Qxd3 Bxd3
30.Bd2 Rc2 31.Rd1 Rxa2 32.Ke1 Bxe2 33.Kxe2 Bb4 34.Kd3 Rxd2+ 35.Rxd2 Bxd2
36.Kxd2 Kf8 37.Ke1 Kg8 38.Kd1 d4  0-1

[Event "National I"]
[Site "Bischwiller FRA"]
[Date "2003.02.01"]
[Round "2"]
[White "Georgiev,Ki"]
[Black "Schlosser,P"]
[Result "1/2-1/2"]
[WhiteElo "2654"]
[BlackElo "2534"]

1.d4 d5 2.c4 c6 3.Nf3 Nf6 4.e3 e6 5.Nc3 Nbd7 6.Qc2 Bd6 7.Bd3 O-O 8.O-O Re8
9.Bd2 Qe7 10.Rae1 dxc4 11.Bxc4 b5 12.Bd3 Bb7 13.Ng5 h6 14.Nge4 e5 15.a3 a5
16.h3 b4 17.axb4 axb4 18.Nxf6+ Nxf6 19.Ne4 Nxe4 20.Bxe4 c5 21.dxc5 Bxe4 22.Qxe4 Bxc5
23.Ra1 Rad8 24.Rfd1 Qd7 25.Qc2 Qb5 26.Be1 Bf8 27.Rdc1 Rd3 28.Ra7 Red8 29.Rc7 Qd5
30.Qc4 Qxc4 31.R7xc4 Rb3 32.R4c2 e4 33.g4 g6 34.Kg2 Ra8 35.Re2  1/2-1/2

[Event "National I"]
[Site "Montpellier FRA"]
[Date "2003.02.01"]
[Round "2"]
[White "Vaisser,A"]
[Black "Flear,G"]
[Result "1/2-1/2"]
[WhiteElo "2563"]
[BlackElo "2503"]

1.c4 e6 2.Nc3 d5 3.d4 c6 4.e3 Nf6 5.Nf3 Nbd7 6.Qc2 Bd6 7.g4 Bb4 8.Bd2 Qe7
9.h3 Bxc3 10.Bxc3 Ne4 11.Bg2 O-O 12.Nd2 Nxc3 13.Qxc3 b6 14.O-O Bb7 15.Rfe1 c5
16.cxd5 Bxd5 17.dxc5 Bxg2 18.Kxg2  1/2-1/2

[Event "National I"]
[Site "Sautron FRA"]
[Date "2003.02.01"]
[Round "2"]
[White "Vallin,G"]
[Black "Foucaud,S"]
[Result "1-0"]
[WhiteElo "2412"]
[BlackElo "2227"]

1.d4 d5 2.c4 c6 3.Nc3 e6 4.e3 Nf6 5.Nf3 Nbd7 6.Bd3 Bd6 7.O-O O-O 8.e4 dxe4
9.Nxe4 Nxe4 10.Bxe4 h6 11.Bc2 e5 12.Qd3 f5 13.c5 Bc7 14.Qb3+ Kh8 15.dxe5 Nxe5
16.Re1 Qf6 17.Bf4 Be6 18.Bxe5 Bxb3 19.Bxf6 Bxc2 20.Re7 Rxf6 21.Rxc7 Rd8 22.Rxb7 Re6
23.h3 Re2 24.Rb4 Rd5 25.Nd4 Rd2 26.Ne6 Re5 27.Rb8+ Kh7 28.Nf8+  1-0

[Event "National I"]
[Site "Montpellier FRA"]
[Date "2003.02.02"]
[Round "3"]
[White "Vaisser,A"]
[Black "Godena,M"]
[Result "1-0"]
[WhiteElo "2563"]
[BlackElo "2524"]

1.d4 e6 2.c4 d5 3.Nc3 c6 4.e3 Nf6 5.Nf3 a6 6.Qc2 c5 7.dxc5 Bxc5 8.a3 dxc4
9.Bxc4 b5 10.Bd3 Nbd7 11.Ne4 Qb6 12.Bd2 Bb7 13.Rc1 Be7 14.Nxf6+ Nxf6 15.Ke2 O-O
16.Qc7 Qa7 17.Qe5 Rfd8 18.Bc3 Rd5 19.Qg3 Bd6 20.Qh4 e5 21.Ng5 Rxd3 22.Kxd3 h6
23.Nf3 e4+ 24.Ke2 exf3+ 25.gxf3 Be7 26.Rhg1 Ne8 27.Qxh6 Bf8 28.Rg3 Rc8 29.Bxg7 Bxg7
30.Rcg1 Bxf3+ 31.Kxf3 Qb7+ 32.e4 f6 33.Qg6 Qd7 34.Kg2 Rc2 35.Rd1 Qe7 36.e5 Re2
37.exf6 Qxf6 38.Qxf6 Nxf6 39.Rd8+ Kh7 40.Ra8 Ne4 41.Rh3+ Kg6 42.Rxa6+ Bf6
43.Rf3 Kg7 44.Re6 Bxb2 45.Kf1 Rxf2+ 46.Rxf2 Nxf2 47.Kxf2 Bxa3 48.Kf3 Bf8
49.Kg4 Kf7 50.Kf5 b4 51.Rb6 Kg7 52.h4 Bc5 53.Rb5 Bf8 54.Rb7+ Kh6 55.Kg4 Kg6
56.h5+ Kh6 57.Kh4 Bc5 58.Rb5 Bf8 59.Rb6+ Kh7 60.Kg5 Be7+ 61.Kf5 Bc5 62.Rb8 Kh6
63.Rb5 Bf8 64.Rb6+ Kh7 65.Re6 Bc5 66.Re8 Kh6 67.Kg4 Bd4 68.Re6+ Kh7 69.Kg5 b3
70.Re7+ Kg8 71.Kg6 Kf8 72.Rf7+ Ke8 73.Rb7 b2 74.Kf5 Kd8 75.h6 Kc8 76.Rb3 Kd7
77.Ke4 Bf6 78.Kd3 Ke6 79.Kc2 Kf7 80.Rb8 Kg6 81.Rb6 Kf7 82.h7 Bh8 83.Rh6 Kg7
84.Rh2 Kg6 85.Rh1 Kf7 86.Rg1 Bg7 87.Rg2 Kf8 88.Rf2+ Ke7 89.Rh2  1-0

[Event "3rd IM"]
[Site "Griesheim GER"]
[Date "2003.02.03"]
[Round "6"]
[White "Gohil,H"]
[Black "Boidman,Y"]
[Result "1-0"]
[WhiteElo "2354"]
[BlackElo "2400"]

1.d4 d5 2.c4 c6 3.Nf3 Nf6 4.Nc3 e6 5.e3 Nbd7 6.Qc2 Bd6 7.g4 h6 8.Bd2 Qe7
9.h3 a6 10.e4 dxe4 11.Nxe4 Nxe4 12.Qxe4 e5 13.dxe5 Nxe5 14.O-O-O Nxf3 15.Qxf3 Be6
16.Qc3 Qc7 17.Be3 O-O 18.Bd3 c5 19.Bc2 Bf4 20.Qd3 Bxe3+ 21.Qxe3 Rfe8 22.Qe4 g6
23.Rhe1 Qa5 24.a3 Bxc4 25.Qxe8+ Rxe8 26.Rxe8+ Kg7 27.Re4 Be6 28.f4 Qc7 29.Rf1 Bd5
30.Re3 b5 31.f5 gxf5 32.Rxf5 Be6 33.Rfe5 Kf6 34.R5e4 Bd5 35.Re8 Qf4 36.Kb1 Be6
37.R3xe6+ fxe6 38.Rf8+ Ke5 39.Rxf4 Kxf4 40.Kc1 Kg3 41.Kd2 Kxh3 42.Bd1 Kh4
43.b3 Kg5 44.Ke3 a5 45.Be2 b4 46.a4  1-0

[Event "FSIMB Feb"]
[Site "Budapest HUN"]
[Date "2003.02.04"]
[Round "4"]
[White "Valaker,O"]
[Black "Jakab,A"]
[Result "0-1"]
[WhiteElo "2202"]
[BlackElo "2358"]

1.d4 d5 2.Nf3 c6 3.c4 e6 4.e3 Nf6 5.Nc3 Nbd7 6.Bd3 Bd6 7.e4 dxe4 8.Nxe4 Nxe4
9.Bxe4 h6 10.O-O O-O 11.Bc2 Re8 12.Qd3 Nf8 13.Re1 b6 14.Qc3 c5 15.dxc5 bxc5
16.Be4 Rb8 17.Ne5 Rb6 18.b3 f6 19.Nf3 Bb7 20.Bb2 Bxe4 21.Rxe4 Rb7 22.Re2 Rd7
23.Qe3 e5 24.Qe4 Ne6 25.Nh4 Bc7 26.Rae1 Ba5 27.Rf1 Nf4 28.Rc2 Rd1 29.Rc1 Rd2
30.Rc2 Rd1 31.Rc1 Rxf1+ 32.Rxf1 Qd3 33.Qxd3 Nxd3 34.Ba3 e4 35.Nf5 g6 36.Ne3 f5
37.Nd5 Kf7 38.Bc1 g5 39.g3 Bd8 40.Bd2 Bf6 41.Kg2 Bd4 42.Be3 Kg6 43.Rb1 Be5
44.b4 cxb4 45.Bxa7 Ra8 46.Ne7+ Kf7 47.Nc6 Bc3 48.h4 gxh4 49.gxh4 Ke8 50.Bb6 Rxa2
51.Kg3 Kd7 52.Na5 Be5+ 53.Kg2 e3 54.Bxe3 Rxa5 55.Bxh6 Ra2 56.Rd1 Rxf2+ 57.Kg1 Rf3
58.Bf8 b3 59.h5 b2 60.h6 Ke8 61.Bg7 Bxg7  0-1

[Event "Gibraltar Masters"]
[Site "Catalan Bay ENG"]
[Date "2003.02.05"]
[Round "9"]
[White "Lalic,B"]
[Black "Zak,Uri1"]
[Result "1-0"]
[WhiteElo "2547"]
[BlackElo "2341"]

1.d4 d5 2.c4 c6 3.e3 Nf6 4.Nc3 e6 5.Nf3 Nbd7 6.Be2 Bd6 7.O-O O-O 8.b3 b6
9.Qc2 Bb7 10.e4 dxe4 11.Nxe4 Nxe4 12.Qxe4 Qe7 13.Bg5 Nf6 14.Qc2 h6 15.Bh4 c5
16.dxc5 Bxc5 17.Ne5 g5 18.Bg3 Ne4 19.Bf3 Nxg3 20.hxg3 Bd4 21.Rae1 Rad8 22.Bxb7 Qxb7
23.Qe2 Qc7 24.Nf3 Bc3 25.Rc1 Bf6 26.b4 Qd6 27.a3 Qd3 28.Qa2 Qf5 29.c5 bxc5
30.Rxc5 Rd5 31.Rxd5 exd5 32.Rd1 Rd8 33.Nd4 Qg4 34.Qd2 Qxd4 35.Qxd4 Bxd4 36.Rxd4 a6
37.Kf1 Kf8 38.Ke2 Ke7 39.Rd1 Rd6 40.Rc1 Re6+ 41.Kd3 Kd6 42.Rc5 g4 43.Rc1 Rf6
44.Rf1 Rg6 45.a4 Re6 46.f3 gxf3 47.gxf3 Rg6 48.g4 f5 49.gxf5 Rg5 50.Ke3 Rxf5
51.Rg1 Ke5 52.Rg6 d4+ 53.Ke2 a5 54.bxa5 h5 55.Rb6 Kf4 56.Rb5 h4 57.Rxf5+ Kxf5
58.a6 h3 59.a7 h2 60.a8=Q h1=Q 61.Qe4+ Kf6 62.Qxd4+ Kg6 63.a5 Qg2+ 64.Qf2 Qh1
65.a6  1-0

[Event "FSIMB Feb"]
[Site "Budapest HUN"]
[Date "2003.02.06"]
[Round "6"]
[White "Valaker,O"]
[Black "Papp,Ge"]
[Result "1-0"]
[WhiteElo "2202"]
[BlackElo "2368"]

1.d4 d5 2.Nf3 Nf6 3.c4 c6 4.e3 e6 5.Nc3 Nbd7 6.Bd3 dxc4 7.Bxc4 b5 8.Be2 Bb7
9.O-O a6 10.e4 c5 11.e5 Nd5 12.a4 b4 13.Ne4 h6 14.Nfd2 Nf4 15.Bf3 Bd5 16.Nb3 Ng6
17.Nexc5 Nxc5 18.dxc5 Qc7 19.Bxd5 Rd8 20.Qe2 Rxd5 21.Qxa6 Bxc5 22.Nxc5 Rxc5
23.Be3 Rc6 24.Qb5 O-O 25.f4 Rb8 26.Qd3 Rc2 27.Rf2 b3 28.g3 Rxf2 29.Bxf2 Qa5
30.Qd6 Rb4 31.Qc5 Qxc5 32.Bxc5 Rc4 33.Bd6 Rc2 34.Ba3 Rc4 35.Rd1 Rxa4 36.Rd3 h5
37.Rxb3 h4 38.Kg2 Rd4 39.Rf3 f6 40.exf6 gxf6 41.Bc5 Rd5 42.b4 Kf7 43.Ra3 f5
44.Ra7+ Kf6 45.Ra6 Rd3 46.b5 h3+ 47.Kf2 Rd5 48.Rc6 Rd2+ 49.Ke3 Rxh2 50.b6 Rh1
51.Bd4+ Ke7 52.b7 Rb1 53.Bb6 h2 54.b8=Q Rb3+ 55.Kd2 Rb2+ 56.Kc3 Rxb6 57.Qd6+  1-0

[Event "Bundesliga 2002-3"]
[Site "Cologne GER"]
[Date "2003.02.08"]
[Round "10"]
[White "Vaganian,R"]
[Black "Fressinet,L"]
[Result "0-1"]
[WhiteElo "2667"]
[BlackElo "2593"]

1.Nf3 d5 2.d4 Nf6 3.c4 c6 4.Nc3 e6 5.e3 Nbd7 6.Bd3 Bd6 7.e4 dxe4 8.Nxe4 Nxe4
9.Bxe4 e5 10.O-O exd4 11.Qxd4 Qf6 12.Rd1 Bc7 13.Bg5 Qxd4 14.Nxd4 h6 15.Bh4 Ne5
16.Bg3 O-O 17.Bc2 Re8 18.c5 Bg4 19.f3 Bd7 20.b4 Rad8 21.Bb3 Kf8 22.Rd2 Re7
23.Re1 Rde8 24.Rde2 b6 25.Re3 a5 26.bxa5 bxc5 27.Ne6+ Bxe6 28.Bxe5 Bxa5 29.Bd6 Bxe1
30.Rxe1 c4 31.Bc2 Rd8 32.Bxe7+ Kxe7 33.Kf2 Rb8 34.Rb1 Ra8 35.a4 Kd6 36.Ke3 Kc5
37.Kd2 Kd4 38.Rb4 Bd5 39.Bd1 g5 40.Bc2 h5 41.h3 g4 42.fxg4 hxg4 43.hxg4 Bxg2
44.Rb1 Re8 45.Rg1 Bf3 46.g5 Re2+ 47.Kc1 Kc3 48.Bd1 Ra2 49.Kb1 Rb2+  0-1

[Event "FSIMB Feb"]
[Site "Budapest HUN"]
[Date "2003.02.09"]
[Round "9"]
[White "Goczo,M"]
[Black "Malanca,A"]
[Result "0-1"]
[WhiteElo "2222"]
[BlackElo "2247"]

1.d4 d5 2.c4 e6 3.Nf3 c6 4.Nc3 Nf6 5.e3 Bd6 6.Bd3 dxc4 7.Bxc4 b5 8.Bd3 Nbd7
9.O-O O-O 10.Bd2 Bb7 11.Rc1 Qe7 12.Qc2 Rac8 13.Qb1 b4 14.Ne2 c5 15.e4 c4
16.e5 Bxf3 17.exd6 Qxd6 18.Rxc4 Rxc4 19.Bxc4 Bxg2 20.Rc1 Ba8 21.Bb3 Nd5 22.Qd3 N7f6
23.Qg3 Qd7 24.Bh6 Ne8 25.h3 Kh8 26.Bd2 f5 27.Qb8 Bc6 28.Bxb4 Rg8 29.Bc5 Nec7
30.Qxa7 Ra8 31.a4 Rxa7 32.Bxa7 Bxa4 33.Bxa4 Qxa4 34.Bb8 Qb5 35.Bxc7 Qxe2
36.Bd6 h5 37.b4 Qf3 38.b5 Qxh3  0-1

[Event "FSIMB Feb"]
[Site "Budapest HUN"]
[Date "2003.02.09"]
[Round "9"]
[White "Papp,Ge"]
[Black "Jakab,A"]
[Result "1/2-1/2"]
[WhiteElo "2368"]
[BlackElo "2358"]

1.d4 d5 2.Nf3 c6 3.c4 e6 4.Nc3 Nf6 5.e3 Nbd7 6.Bd3 Bd6 7.e4 dxe4 8.Nxe4 Nxe4
9.Bxe4 h6 10.O-O O-O 11.Bc2 Re8 12.Qd3 Nf8 13.b3 b6 14.Bb2 Qe7 15.Rad1 Bb7
16.Rfe1 Rad8 17.Bb1 c5 18.d5 Qc7 19.Qc3 f6 20.h3 exd5 21.cxd5 Rxe1+ 22.Qxe1 Qf7
23.Nh4 Bxd5 24.Nf5 Bc7 25.Bxf6 Qxf6 26.Ne7+ Kh8 27.Nxd5 Qd6 28.g3 Qd7 29.Kh2 Re8
30.Qf1 Bd6 31.Nf4 Qc6 32.Qc4 Bxf4 33.Qxf4 Qf6 34.Qd2 Rd8 35.Qxd8 Qxf2+ 36.Kh1 Qf3+  1/2-1/2

[Event "Bundesliga 2002-3"]
[Site "Emsdetten GER"]
[Date "2003.02.09"]
[Round "11"]
[White "Umpfenbach,C"]
[Black "Pedersen,Da"]
[Result "1/2-1/2"]
[WhiteElo "2077"]
[BlackElo "2343"]

1.d4 d5 2.c4 c6 3.Nc3 Nf6 4.Nf3 e6 5.e3 Nbd7 6.Qc2 Bd6 7.g4 Bb4 8.Bd2 Qe7
9.g5 Bxc3 10.Bxc3 Ne4 11.Bd3 Nxc3 12.Qxc3 dxc4 13.Bxc4 b6 14.O-O-O Bb7 15.e4 O-O-O
16.Rhg1 Kb8 17.Kb1 g6 18.Rge1 b5 19.Bf1 b4 20.Qe3 Qd6 21.Nd2 Qc7 22.Nb3 a5
23.Rc1 Rhe8 24.Red1 Re7 25.f4 Qb6 26.Qg3 Ka7 27.Bg2 Ba6 28.e5 Bb5 29.Qf3 Qa6
30.Qf2 Qb6 31.Nc5 Kb8 32.Qc2 Rc8 33.Qf2 Ka7 34.h4 Nb8 35.Qc2 Rd8 36.Qf2 a4
37.Qc2 Qa5 38.Bf1 Rc7 39.Bg2 a3 40.bxa3 bxa3 41.Nb3 Qa4 42.Qc5+ Kb7 43.Qc3 Ka8
44.Nc5 Qa7 45.Ka1 Nd7 46.Qb4 Rb8 47.Nxd7 Rxd7 48.Rxc6 Bf1 49.Qd2 Bxg2 50.Qxg2 Rd5
51.Rc5 Qa4 52.Qc2 Rxd4 53.Qxa4+ Rxa4 54.Rd7 Rb7 55.Rc8+ Ka7 56.Rcc7 Rb4 57.Rxb7+ Rxb7
58.Rxb7+ Kxb7 59.Kb1 Kc6 60.Kc2 Kd5 61.Kd3 Kc5 62.Kc3 Kd5 63.Kd3  1/2-1/2

[Event "Bundesliga 2002-3"]
[Site "Wattenscheid GER"]
[Date "2003.02.09"]
[Round "11"]
[White "Jussupow,A"]
[Black "Jirovsky,M"]
[Result "0-1"]
[WhiteElo "2592"]
[BlackElo "2457"]

1.d4 d5 2.Nf3 c6 3.c4 e6 4.e3 Nf6 5.Nc3 Nbd7 6.Bd3 dxc4 7.Bxc4 b5 8.Bd3 b4
9.Ne4 Nxe4 10.Bxe4 Bb7 11.Qa4 Qb6 12.Nd2 Rc8 13.a3 c5 14.O-O cxd4 15.exd4 bxa3
16.bxa3 Bc6 17.Qc2 Qa6 18.Re1 Bd6 19.Bd3 Bd5 20.Qb1 Qa5 21.Re2 Nf6 22.Nf1 O-O
23.Bd2 Qd8 24.Bg5 h6 25.Bh4 Be7 26.Qe1 Ba8 27.Rd1 Nd5 28.Bxe7 Qxe7 29.Re5 Qxa3
30.Be4 Nc3 31.Ra1 Qb2 32.Bxa8 Rxa8 33.Nd2 Rfc8 34.h3 Nd5 35.Nf3 Rc2 36.Rd1 Nc3
37.Rd2 Rb8 38.Rc5 Rxd2 39.Qxd2 Ne2+ 40.Kh2 Qxd2 41.Nxd2 Nxd4 42.Nc4 Rb7 43.Rc8+ Kh7
44.Rd8 Nc6 45.Rc8 Ne7 46.Ra8 f6 47.Nd6 Rd7 48.Ne4 Rc7 49.Nd6 Nc6 50.Re8 Nd4
51.f4 h5 52.Rd8 Ne2 53.f5 e5 54.g4 Nf4 55.g5 fxg5 56.Rf8 Rc2+ 57.Kh1 g4 58.hxg4 hxg4
59.Nf7 g5 60.Nxg5+ Kg7 61.Rf7+ Kh6 62.Ne4 a5 63.Ra7 Rc4 64.Nd6 Rc3 65.Ne4 Re3
66.Nf2 Kg5 67.Rg7+ Kxf5 68.Nxg4 Rh3+ 69.Nh2 a4 70.Ra7 a3 71.Kg1 Rg3+ 72.Kf1 Rb3  0-1

[Event "11th Aosta Open"]
[Site "Saint Vincent ITA"]
[Date "2003.02.10"]
[Round "3"]
[White "Korchnoi,V"]
[Black "Godena,M"]
[Result "1/2-1/2"]
[WhiteElo "2642"]
[BlackElo "2524"]

1.d4 d5 2.c4 c6 3.Nf3 Nf6 4.e3 e6 5.Nc3 a6 6.c5 Nbd7 7.b4 a5 8.b5 e5 9.bxc6 bxc6
10.dxe5 Ne4 11.Nxe4 dxe4 12.e6 fxe6 13.Nd4 Nxc5 14.Bc4 Nd3+ 15.Bxd3 Bb4+
16.Bd2 exd3 17.Bxb4 axb4 18.Qh5+ g6 19.Qc5 Qd5 20.Qxc6+ Qxc6 21.Nxc6 b3 22.Kd2 Bb7
23.Nb4 Bxg2 24.Rhg1 Be4 25.axb3 Rxa1 26.Rxa1 O-O 27.f4 Rb8 28.Kc3 Bf5 29.Rd1 Rc8+
30.Kb2 Rd8 31.Nc6 Rd7 32.Nd4 Be4 33.Nxe6 Bf3 34.Rd2 Re7 35.Nc5 Rxe3 36.Rxd3 Re2+
37.Kc3 Bh1 38.Rd2 Re3+ 39.Kd4 Re1 40.b4 Rb1 41.Nd3 Kf7 42.Rc2 Ke6 43.Rc7 h6
44.Rh7 Kf5 45.Rf7+ Ke6 46.Ra7 Bg2 47.Kc3 Bf1 48.Nc5+ Kf5 49.Rf7+ Kg4 50.Nd7 Kh3
51.Ne5 Kxh2 52.Nxg6 Kg3 53.f5 Kg4 54.Ne7 Kg5 55.f6 Bh3 56.Ng8 Be6 57.Rg7+ Kh5
58.Ne7 Rb3+ 59.Kd4 Rxb4+ 60.Ke5 Ba2 61.Rg2 Rb5+ 62.Kd6 Bf7 63.Rg7 Ba2 64.f7 Bxf7
65.Rxf7 Kg4 66.Nd5 h5 67.Rg7+ Kf3 68.Rh7 Kg4 69.Nf6+ Kf4 70.Nxh5+ Kg5 71.Ng3 Kf4
72.Ne2+ Ke3 73.Nc3 Rb6+ 74.Ke5 Kd3 75.Nd5 Rb8 76.Rh3+ Ke2 77.Nf6 Ra8 78.Kf4 Rf8
79.Re3+ Kd2 80.Re6 Kd3 81.Rd6+ Ke2 82.Ke4 Ra8 83.Kf5 Ra5+ 84.Kf4 Ra8  1/2-1/2

[Event "11th Aosta Open"]
[Site "Saint Vincent ITA"]
[Date "2003.02.13"]
[Round "6"]
[White "Atalik,S"]
[Black "Gurevich,M"]
[Result "1/2-1/2"]
[WhiteElo "2581"]
[BlackElo "2634"]

1.d4 d5 2.c4 c6 3.Nc3 Nf6 4.Nf3 e6 5.e3 a6 6.Qc2 c5 7.dxc5 Bxc5 8.a3 dxc4
9.Bxc4 b5 10.Bd3 Nbd7 11.Ne4 Be7 12.Bd2 Bb7 13.Nxf6+ Bxf6 14.Rd1 Rc8 15.Qb1 h6
16.Bb4 Qb6 17.O-O Nc5 18.Bxc5 Rxc5 19.Nd2 Be5 20.Be4 O-O 21.Bxb7 Qxb7 22.Ne4 Rc6
23.b4 Rfc8 24.g3 Qc7 25.Rd3 a5 26.bxa5 Qxa5 27.Rfd1 Rc4 28.Rb3 Qa8 29.Nd2 Rc2
30.Rxb5 Qxa3 31.Nf1 Bb2 32.Rd8+ Rxd8 33.Qxc2 Bf6 34.Rc5  1/2-1/2

[Event "TCh-FIN 2002-3"]
[Site "Finland FIN"]
[Date "2003.02.15"]
[Round "7"]
[White "Pihlajasalo,H"]
[Black "Koskinen,Hen"]
[Result "1/2-1/2"]
[WhiteElo "2217"]
[BlackElo "2336"]

1.d4 d5 2.c4 c6 3.e3 Nf6 4.Nc3 e6 5.Nf3 Nbd7 6.Qc2 Bd6 7.Bd3 dxc4 8.Bxc4 O-O
9.O-O e5 10.a3 Qe7 11.h3 Bb8 12.Ba2 h6 13.Nh4 Rd8 14.Nf5 Qe8 15.Ne2 Nf8 16.dxe5 Qxe5
17.Nfg3 Re8 18.Bd2 Ne4 19.Qxe4 Qxe4 20.Nxe4 Rxe4 21.b4 Re8 22.Bc3 a5 23.Rfc1 Be6
24.Bxe6  1/2-1/2

[Event "Aeroflot Open"]
[Site "Moscow RUS"]
[Date "2003.02.16"]
[Round "6"]
[White "Mamedyarov,S"]
[Black "Zvjaginsev,V"]
[Result "1/2-1/2"]
[WhiteElo "2596"]
[BlackElo "2671"]

1.d4 d5 2.c4 c6 3.Nc3 Nf6 4.Nf3 e6 5.e3 Nbd7 6.Bd3 dxc4 7.Bxc4 b5 8.Bd3 Bd6
9.O-O O-O 10.b3 Bb7 11.Bb2 a6 12.a4 bxa4 13.Nxa4 c5 14.dxc5 Bxc5 15.Bxf6  1/2-1/2

[Event "Aeroflot Open"]
[Site "Moscow RUS"]
[Date "2003.02.18"]
[Round "8"]
[White "Bu Xiangzhi"]
[Black "Zvjaginsev,V"]
[Result "1-0"]
[WhiteElo "2569"]
[BlackElo "2671"]

1.d4 d5 2.c4 e6 3.Nc3 c6 4.e3 Nf6 5.Nf3 Nbd7 6.Qc2 Bd6 7.Be2 O-O 8.O-O dxc4
9.Bxc4 b5 10.Be2 Bb7 11.Rd1 Qc7 12.e4 e5 13.g3 exd4 14.Nxd4 Rfe8 15.Bxb5 cxb5
16.Ndxb5 Bxe4 17.Nxc7 Bxc2 18.Rxd6 Re1+ 19.Kg2 Rc8 20.Rd2 Bg6 21.N7b5 a6
22.Nd4 Nc5 23.Re2 Rxe2 24.Ncxe2 Nd3 25.b3 Ng4 26.f3 Nge5 27.Bd2 f6 28.Rd1 h5
29.h3 Nc6 30.Nxc6 Rxc6 31.Nd4 Rd6 32.Be3 Nb4 33.Rd2 Kf7 34.g4 hxg4 35.hxg4 Bb1
36.a3 Nc2 37.Rxc2 Bxc2 38.Nxc2 Rd3 39.Kf2 Rxb3 40.Ke2 g5 41.Bd2 Rb2 42.Kd3 Ke6
43.Bc3 Rb1 44.Ke4 Kf7 45.Nd4 Rb8 46.Bb4 Rd8 47.a4 Rb8 48.Bc5 Re8+ 49.Kd5 Re3
50.a5  1-0

[Event "ch-RUS w 1st League"]
[Site "Serpukhov RUS"]
[Date "2003.02.20"]
[Round "1"]
[White "Khusnutdinova,L"]
[Black "Kovaleva,O"]
[Result "0-1"]
[WhiteElo "2294"]
[BlackElo "2116"]

1.d4 d5 2.Nf3 Nf6 3.c4 c6 4.Nc3 e6 5.e3 Nbd7 6.Qc2 Bd6 7.b3 O-O 8.Be2 e5
9.cxd5 cxd5 10.dxe5 Nxe5 11.Nd4 Bd7 12.O-O Rc8 13.Qb2 Bb4 14.Bd2 Qa5 15.Nb1 Ne4
16.Bxb4 Qxb4 17.a3 Qe7 18.Rd1 Qf6 19.f3 Ng4 20.Nd2 Nc3 21.fxg4 Nxe2+ 22.Kh1 Nxd4
23.Rf1 Rc2 24.Qb1 Qg6 25.Rd1 Bxg4 26.exd4 Bxd1 27.Qxd1 Rfc8 28.Qe1 h5 29.Rd1 h4
30.Qf1 h3 31.gxh3 R8c3 32.Qf2 Rc1 33.Qe2 Qe6 34.Qf1 Rxd1 35.Qxd1 Qe3 36.Nf1 Qf3+  0-1

[Event "ch-CZE"]
[Site "Lahucovice CZE"]
[Date "2003.02.23"]
[Round "6"]
[White "Jirovsky,M"]
[Black "Trichkov,V"]
[Result "1-0"]
[WhiteElo "2457"]
[BlackElo "2290"]

1.Nf3 d5 2.d4 Nf6 3.c4 c6 4.e3 e6 5.Nc3 Nbd7 6.Qc2 Bd6 7.Bd2 O-O 8.O-O-O c5
9.cxd5 exd5 10.h3 Re8 11.g4 Ne4 12.Be1 Ndf6 13.dxc5 Bxc5 14.Bd3 Bd7 15.g5 Nxc3
16.Bxc3 Ne4 17.Bxe4 dxe4 18.Ne5 Rxe5 19.Bxe5 Rc8 20.Kb1 Qe8 21.Bc3 Ba4 22.b3 Bb4
23.Bxb4 Rxc2 24.Kxc2 Bb5 25.Rd4 h6 26.gxh6 Qc6+ 27.Bc3 Qxh6 28.h4 Qf6 29.Rd2 Qg6
30.Kb2 Qg2 31.Rc1 Bd3 32.f4 Qg4 33.Bd4 a5 34.Rh2 b5 35.h5 Kh7 36.Rhh1 Qe6
37.Rhg1 f6 38.Rc7 Kh6 39.Rcxg7 Qc6 40.R1g6+ Kxh5 41.Rg2 Kh6 42.R7g3  1-0

[Event "6th Open"]
[Site "Malaga ESP"]
[Date "2003.02.23"]
[Round "3"]
[White "Rasmussen,K"]
[Black "Korneev,O"]
[Result "1/2-1/2"]
[WhiteElo "2396"]
[BlackElo "2613"]

1.Nf3 d5 2.d4 Nf6 3.c4 e6 4.Nc3 c6 5.e3 Nbd7 6.Bd3 dxc4 7.Bxc4 b5 8.Be2 Bb7
9.O-O Be7 10.e4 b4 11.e5 bxc3 12.exf6 Nxf6 13.bxc3 O-O 14.Rb1 Qc7 15.Bf4 Qxf4
16.Rxb7 Bd6 17.g3 Qf5 18.Nd2 c5 19.Nc4 Rad8 20.Qb3 Qd5 21.Nxd6 Qxd6 22.Rxa7 cxd4
23.cxd4 Qxd4 24.Rb7 h5 25.Bf3  1/2-1/2

[Event "ch-RUS w 1st League"]
[Site "Serpukhov RUS"]
[Date "2003.02.23"]
[Round "4"]
[White "Sterliagova,T"]
[Black "Kochetkova,J"]
[Result "1/2-1/2"]
[WhiteElo "2156"]
[BlackElo "2275"]

1.d4 d5 2.c4 e6 3.Nc3 c6 4.e3 Nf6 5.Nf3 Nbd7 6.Qc2 b6 7.b3 Bb7 8.Be2 Be7
9.O-O O-O 10.Bb2 Qc7 11.Rad1 Rad8 12.e4 dxe4 13.Nxe4 Nxe4 14.Qxe4 c5 15.Qc2 cxd4
16.Nxd4 Bd6 17.h3 Qc5 18.Bf3 Bxf3 19.Nxf3 Bc7 20.Qe4 h6  1/2-1/2

[Event "ch-CZE"]
[Site "Lahucovice CZE"]
[Date "2003.02.24"]
[Round "7"]
[White "Stocek,J"]
[Black "Kanovsky,D"]
[Result "1-0"]
[WhiteElo "2563"]
[BlackElo "2271"]

1.d4 d5 2.c4 e6 3.Nf3 Nf6 4.Nc3 c6 5.e3 Be7 6.Bd3 O-O 7.O-O Nbd7 8.b3 a6
9.a4 Bd6 10.Ba3 Bxa3 11.Rxa3 Qe7 12.Ra2 e5 13.dxe5 Nxe5 14.cxd5 cxd5 15.Be2 Nc6
16.Rd2 Be6 17.Qb1 Rac8 18.Rc1 Rc7 19.Bd3 Rfc8 20.Ne2 Bg4 21.Bf5 Bxf3 22.gxf3 Ne5
23.Kg2 Rxc1 24.Nxc1 Rc7 25.Ne2 g6 26.Bh3 Kg7 27.Nf4 Qa3 28.Rc2 Rxc2 29.Qxc2 Qd6
30.Qc3 Nc6 31.Ne2 d4 32.Nxd4 Nxd4 33.Qxd4 Qxd4 34.exd4 a5 35.f4 Ne4 36.Kf3 f5
37.Ke3 Kf6 38.Bg2 Nd6 39.Bd5 b6 40.Kd3 h6 41.h4 Ke7 42.Bc6 h5 43.f3 Kf6 44.d5 Ke7
45.Kd4 Kf6 46.Bd7 Ke7 47.Be6 Kf6 48.Bg8 Nb7 49.d6 Nxd6 50.Kd5 Nc8 51.Be6 Ne7+
52.Kd6  1-0

[Event "ch-RUS w 1st League"]
[Site "Serpukhov RUS"]
[Date "2003.02.24"]
[Round "5"]
[White "Khusnutdinova,L"]
[Black "Pyatikopova,N"]
[Result "1-0"]
[WhiteElo "2294"]
[BlackElo "2090"]

1.d4 d5 2.Nf3 Nf6 3.c4 e6 4.Nc3 c6 5.e3 Bd6 6.Bd3 dxc4 7.Bxc4 b5 8.Bd3 a6
9.e4 Be7 10.O-O O-O 11.Qe2 Bb7 12.e5 Nd5 13.Ne4 g6 14.Bh6 Nd7 15.Bxf8 Qxf8
16.Bc2 c5 17.dxc5 Nxc5 18.Nfg5 Nf4 19.Qg4 Nd5 20.Rad1 Rc8 21.Nxc5 Rxc5 22.Bb3 Qc8
23.Ne4 Rc7 24.Rd2 Rd7 25.Rfd1 Qb8 26.Qg3 Qd8 27.Kf1 b4 28.Bc4 a5 29.b3 h5
30.Rd3 Qc7 31.Ng5 h4 32.Qxh4 Bxg5 33.Qxg5 a4 34.h4 axb3 35.axb3 Qd8 36.Qg4 Qe7
37.h5 Kg7 38.Kg1 Rc7 39.Rg3 Qe8 40.Rh3 Re7 41.Qh4 Qh8 42.Bxd5  1-0

[Event "4th ch-Asia"]
[Site "Doha QAT"]
[Date "2003.02.26"]
[Round "5"]
[White "Wu Shaobin"]
[Black "Sundararajan,K"]
[Result "0-1"]
[WhiteElo "2545"]
[BlackElo "2416"]

1.d4 d5 2.c4 c6 3.Nc3 Nf6 4.e3 e6 5.Nf3 Nbd7 6.Bd3 dxc4 7.Bxc4 b5 8.Bd3 a6
9.e4 c5 10.d5 c4 11.Bc2 Qc7 12.dxe6 fxe6 13.O-O Bc5 14.Qe2 Ne5 15.Nxe5 Qxe5
16.Kh1 O-O 17.Bd2 Ra7 18.f4 Qh5 19.Qxh5 Nxh5 20.e5 Raf7 21.Ne4 Be7 22.Nd6 Bxd6
23.exd6 Nxf4 24.a4 Bd7 25.axb5 Bxb5 26.Rfe1 Nxg2 27.Rxe6 Nh4  0-1

[Event "ch-RUS w 1st League"]
[Site "Serpukhov RUS"]
[Date "2003.02.26"]
[Round "7"]
[White "Guseva,O"]
[Black "Gunina,V"]
[Result "0-1"]
[WhiteElo "2184"]
[BlackElo "2213"]

1.d4 d5 2.c4 c6 3.Nf3 Nf6 4.Nc3 e6 5.e3 Bd6 6.Qc2 Nbd7 7.Bd3 O-O 8.O-O dxc4
9.Bxc4 b5 10.Bd3 Bb7 11.Rd1 Qc7 12.e4 e5 13.Ne2 Rad8 14.Bg5 exd4 15.Nexd4 Ne5
16.Nxe5 Bxe5 17.Nf3 h6 18.Be3 Ng4 19.Bxa7 Bxh2+ 20.Kf1 Ne5 21.Nxh2 Nxd3 22.Kg1 Nf4
23.Bc5 Rxd1+ 24.Rxd1 Rd8 25.Nf3 Qc8 26.Ne5 Re8 27.Nd7 Ba6 28.b4 Ne6 29.Rd6 Qc7
30.Ne5 Ng5 31.f4 Bb7 32.Qb3 Rxe5 33.fxe5 Nxe4 34.Rd1 Qxe5 35.Bd4 Qg5 36.Qc2 f5
37.Qb3+ Kh7 38.Be3 Qh4 39.Bd4 Ng3 40.Rd3 Ne2+ 41.Kf1 Nxd4 42.Qb2 c5 43.Rh3 Qf4+
44.Kg1 c4 45.Rc3 Be4 46.a4 Bd3  0-1

[Event "ch-RUS w 1st League"]
[Site "Serpukhov RUS"]
[Date "2003.02.26"]
[Round "7"]
[White "Khusnutdinova,L"]
[Black "Zhidkikh,D"]
[Result "1-0"]
[WhiteElo "2294"]
[BlackElo "2130"]

1.d4 d5 2.Nf3 Nf6 3.c4 c6 4.Nc3 e6 5.e3 Nbd7 6.b3 Bb4 7.Bd2 O-O 8.Be2 Qe7
9.O-O b6 10.Re1 Bb7 11.Bd3 Rfd8 12.Qc1 Rac8 13.a3 Bd6 14.e4 dxe4 15.Nxe4 Nxe4
16.Bxe4 Nf8 17.Qc2 Qc7 18.c5 Be7 19.Be3 Bf6 20.Ra2 h6 21.g3 Qe7 22.Bf4 Bxd4
23.Nxd4 Rxd4 24.Bd6 Qd8 25.b4 Ba6 26.Qc3 Rc4 27.Qe3 bxc5 28.Bxc5 Bb7 29.Rd2 Qc7
30.Qb3 Ba6 31.Bd3 Qd7 32.Bh7+  1-0